Statistics for Ex Vocabulary Words Quiz

Click here to take the quiz!

General Stats

  • This quiz has been taken 10,646 times
  • The average score is 12 of 20

Answer Stats

Definition Word % Correct
Person who drives out evil spiritsExorcist
91%
No longer in existence as a speciesExtinct
88%
To banish from the churchExcommunicate
78%
An outgoing personExtrovert
73%
To blackmailExtort
72%
One who is banished from his home countryExile
67%
An archaeological digExcavation
64%
To disinter a corpseExhume
63%
Snippet or passage from a larger workExcerpt
61%
The power to which a number is raised, in mathExponent
59%
Departure of a large group of peopleExodus
59%
To remove a layer of skinExfoliate
57%
One living outside his own countryExpatriate
56%
Excitingly foreignExotic
53%
A radical personExtremist
51%
To make a problem worseExacerbate
46%
Curse wordExpletive
42%
To infer from current trendsExtrapolate
37%
AdulterousExtramarital
33%
To take advantage ofExploit
30%

Score Distribution

Percentile by Number Answered

Percent of People with Each Score

Your Score History

You have not taken this quiz